000 01660nam a22002537a 4500
005 20250926101652.0
008 250926t2025 xxk|||||o|||| 00| 0 eng d
041 _aeng
110 _aRoyal Institution of Chartered Surveyors
245 _aRICS Construction - Global Standard 1st edition
_ba consultation
_h[Electronic resource]
260 _aLondon,
_bRoyal Institution of Chartered Surveyors,
_cSeptember 2025
300 _a28p.
490 _aRICS Consultation
490 _aRICS Black Book
520 _aThe existing Black Book (BB) suite of guidance notes as been progressively published over several years building to a total of 32 separate titles. It has been decided that, rather than merely update and re-publish each guidance note, that a fresh approach is taken. This has involved in the preparation of a Professional Standard (PS) to include global principles of QS and PM practice (which is the subject of this consultation) and a series of six Practice Information (PI) pieces of work to include best practice guidance across the project life cycle. Consultation opened 16 September 2025 closes 24 October 2025.
650 _aCONSTRUCTION
650 _aPROJECT MANAGEMENT
650 _aQUANTITY SURVEYING
651 _aInternational
710 _aRoyal Institution of Chartered Surveyors
856 _uhttps://consultations.rics.org/gf2.ti/f/1778882/259857861.1/PDF/-/RICS%20Construction%20Global%20Standard_consultation_draft.pdf
_zView the consultation document on RICS.org
856 _uhttps://consultations.rics.org/Globalconstructionstandards/consultationHome
_zView the RICS iConsult homepage on Construction
942 _n0
999 _c122214
_d122214